Gaming Quiz

Random Gaming or Mario Quiz

Mario Strikers Charged Stadiums Quiz Stats

 Plays Quiz not verified by Sporcle

Score 0/17 Timer 01:00
0 Plays Today
% Correct
The Lava Pit
50%
The Sand Tomb
47.7%
Pipeline Central
37.7%
The Classroom
36.9%
The Palace
35.4%
Crystal Canyon
33.8%
Stormship Stadium
31.5%
Galactic Stadium
31.5%
The Underground
30.8%
% Correct
Thunder Island
28.5%
Bowser Stadium
28.5%
The Vice
26.2%
The Wastelands
25.4%
Konga Coliseum
25.4%
The Dump
22.3%
The Battle Dome
21.5%
Crater Field
20.8%

You're not logged in!

Compare scores with friends on all Sporcle quizzes.
OR
Log In

Sporcle TV

Today on Sporcle TV


Watch our educational content, quiz creation guides, and fun videos on Sporcle TV.

Show Comments

Extras

Top Quizzes Today


Score Distribution

Your Account Isn't Verified!

In order to create a playlist on Sporcle, you need to verify the email address you used during registration. Go to your Sporcle Settings to finish the process.

Report this User

Report this user for behavior that violates our Community Guidelines.

Details: